La no discriminacin̤ fiscal

Bibliographic Details
Main Author: Santa-Br̀bara Rupřez, Jess︢
Other Authors: Casado Ollero, Gabriel (pr)
Format: Unknown
Language:Spanish
Published: Madrid : Edersa, 2001
Subjects:
Online Access:Acceso restringido

MARC

LEADER 00000ny a22000003n 4500
005 20110603140726.0
008 080606s2001 sp s 000 0 spa
020 |a 8484940004 
035 |a 1670 
040 |a UMA.RE  |d vLex 
080 |a 351.713(100)(0.034) 
080 |a 351.713(460)(0.034) 
090 |c 447  |d 447 
100 1 |a Santa-Br̀bara Rupřez, Jess︢ 
245 1 3 |a La no discriminacin̤ fiscal  |h [Recurso electrn̤ico]  |c Jess︢ Santa-Br̀bara Rupřez ; prl̤ogo de Gabriel Casado Ollero 
256 |a Servicio en ln̕ea 
260 |a Madrid :  |b Edersa,  |c 2001 
506 1 |a Contenido solo disponible en los productos indicados  |d vLex Global  |d vLex Global (Academic Edition, excluding Law Schools)  |d vLex Global (U.S. Academic Edition, Law Schools)  |d vLex Global (U.S. Academic Edition, excluding Law Schools)  |d vLex Global (Academic Edition, Law Schools) 
650 0 7 |a Tributario  |2 Tesauro vLex 
650 0 7 |a Derecho tributario  |2 Tesauro vLex 
700 1 |a Casado Ollero, Gabriel,  |e pr 
740 0 |a vLex Libros (Servicios en ln̕ea) 
856 4 0 |u http://vlex.com/source/1670  |z Acceso restringido 
942 |c BOOK 
999 0 |a Taxation  |b Madrid